000 01126namaa2200313 i 4500
003 EG-GICUC
005 20260114133714.0
008 260114s1974 ua ||||jr|||| 000 0 ara d
017 _a1974 / 3951
_bدار الكتب والوثائق القومية (مصر)
040 _aEG-GiCUC
_bara
_cEG-GiCUC
_dEG-GiCUC
_erda
082 0 4 _221
_a410
_bM273
092 0 4 _221
_a410
_bM273
099 _a410 M273
100 1 _aمندور، مصطفى،
_eمؤلف.
245 1 2 _aاللغة بين العقل والمغامرة /
_cدكتور مصطفى مندور
264 _aالاسكندرية (مصر) :
_bمنشأة المعارف،
_c1974
300 _a196 صفحة ؛
_c24 سم
336 _2rdacontent
_atext
337 _2rdamedia
_aUnmediated
338 _2rdacarrier
_avolume
490 0 _aالكتب اللغوية
504 _aيشتمل على ارجاعات ببليوجرافية .
541 _aد . / جابر عصفور ؛
_bالقاهرة ؛
_cإهداء ؛
_d2024.
650 1 7 _aاللغة
_2qrmak
650 1 7 _aاللغة، علم
_2qrmak
651 1 _2qrmak
905 _aAmira
942 _2ddc
_cBK
_e21
_n0
999 _c177694
_d177694